00469 2200193 4500001002100000005001500021035002000036008004100056245004600097100001900143250000600162260003600168300001100204084001400215082000800229650001400237990001200251990001200263INLIS00000000000038720240430020219 a0010-0424000363240430 0 ind 1 aGaris Singgung Lingkaran /cSigid Widagdo aWidagdo, Sigid a1 aKlaten :bIntan Pariwara,c2015 a68 hlm a510 SIG g a510 4aNon Fiksi a0728613 a0728614